000 01339nam a22003857a 4500
003 OSt
005 20230518131437.0
008 221006b |||||||| |||| 00| 0 eng d
040 _cBiblioteca Lado V
082 _a701.18
_bA658t
100 _9828
_aAraeen, Rasheed
_eeditora
245 _aThird Text/
_bCritical Perspectives on Contemporary Art & Culture/
260 _bRoutledge
_c2004
_aLondres
300 _c19x25cm
_a102p.
366 _espa
490 _a1
_v66
_v18
_x0952-8822
505 _aFrank A O Ugiomoh
505 _aJames Annesley
505 _aKatarzyna Murawska-Muthesius
505 _aMina Gorji
505 _aAlex Rotas
505 _aCynthia Canejo
505 _aWendy Meryem K Shaw
505 _aForum
_gOlu Oguibe Chritian Hanussek
505 _aReviews
_gDore Ashton Anthony Downey Anna Dezeuze
505 _aContributors
650 _2Tesauro de Arte & Arquitectura
_aARTE
_9703
650 _2Tesauro de Arte & Arquitectura
_aCRITICA
650 _2Tesauro de Arte & Arquitectura
_aARTE CONTEMPORANEO
650 _2Tesauro de Arte & Arquitectura
_aAPRECIACION
650 _2Tesauro de Arte & Arquitectura
_aTEORIA
650 _2Tesauro de Arte & Arquitectura
_aANALISIS
651 _2Tesauro de Arte & Arquitectura
_aLONDRES
942 _2ddc
_c1
_h701.18
_iA658t
_n0
999 _c3628
_d3628